Politics of federalism in Pakistan (Record no. 274629)
[ view plain ]
| 000 -LEADER | |
|---|---|
| fixed length control field | 00288 a2200121 4500 |
| 001 - CONTROL NUMBER | |
| control field | 39556 |
| 082 ## - DEWEY DECIMAL CLASSIFICATION NUMBER | |
| Classification number | 321.0205491 MEH |
| 090 ## - LOCALLY ASSIGNED LC-TYPE CALL NUMBER (OCLC); LOCAL CALL NUMBER (RLIN) | |
| -- | 24674 |
| -- | 24674 |
| 100 ## - MAIN ENTRY--PERSONAL NAME | |
| Personal name | Mehrunnisa |
| 245 ## - TITLE STATEMENT | |
| Title | Politics of federalism in Pakistan |
| 260 ## - PUBLICATION, DISTRIBUTION, ETC. | |
| Place of publication, distribution, etc. | Karachi |
| Name of publisher, distributor, etc. | Royal book |
| Date of publication, distribution, etc. | 1996 |
| 300 ## - PHYSICAL DESCRIPTION | |
| Extent | 169p |
| 942 ## - ADDED ENTRY ELEMENTS (KOHA) | |
| Institution code [OBSOLETE] | NUST-CAE |
| Call number prefix | 321.0205491 MEH |
| Withdrawn status | Lost status | Damaged status | Not for loan | Collection code | Permanent Location | Current Location | Date acquired | Total Checkouts | Full call number | Barcode | Date last seen | Price effective from | Koha item type |
|---|---|---|---|---|---|---|---|---|---|---|---|---|---|
| College of Aeronautical Engineering (CAE) | College of Aeronautical Engineering (CAE) | 04/03/2017 | 321.0205491 MEH | CAE68130 | 04/05/2017 | 04/05/2017 | Book | ||||||
| College of Aeronautical Engineering (CAE) | College of Aeronautical Engineering (CAE) | 04/03/2017 | 321.0205491 MEH | CAE74612 | 04/05/2017 | 04/05/2017 | Book |
